เกมทดสอบชื่อเดือนของปี - Statistics

General Stats
  • This quiz has been taken 5,398 times
  • The average score is 9 of 12
Answer Stats
ไทย อังกฤษ วัน % Correct
มกราคม January 31
100%
กุมภาพันธ์ February 28, 29 ในปีอธิกสุรทิน
96%
มีนาคม March 31
94%
เมษายน April 30
93%
พฤษภาคม May 31
86%
มิถุนายน June 30
82%
กรกฎาคม July 31
73%
สิงหาคม August 31
68%
กันยายน September 30
63%
ตุลาคม October 31
58%
พฤศจิกายน November 30
48%
ธันวาคม December 31
42%
No matching quizzes found
Score Distribution
Percent of People with Each Score
Percentile by Number Answered
Your Score History
You have not taken this quiz